Catálogo
 En Linea

Benigno Filomeno de Rojas : (Registro nro. 3140)

Detalles MARC
000 -CABECERA
campo de control de longitud fija 01988nam a2200325 i 4500
001 - NÚMERO DE CONTROL
campo de control 000003309
003 - IDENTIFICADOR DEL NÚMERO DE CONTROL
campo de control DO-SdBNP
005 - FECHA Y HORA DE LA ÚLTIMA TRANSACCIÓN
campo de control 20250621074004.0
007 - CAMPO FIJO DE DESCRIPCIÓN FÍSICA--INFORMACIÓN GENERAL
campo de control de longitud fija ta
008 - DATOS DE LONGITUD FIJA--INFORMACIÓN GENERAL
campo de control de longitud fija 090707s1993 dr 000 0 spa d
040 ## - FUENTE DE LA CATALOGACIÓN
Centro catalogador/agencia de origen DO-SdBNP
Lengua de catalogación spa
Centro/agencia transcriptor BNPHU
Normas de descripción rda
082 #4 - NÚMERO DE LA CLASIFICACIÓN DECIMAL DEWEY
Número de clasificación 923.2
Número de documento/Ítem R741C
Número de edición 22
100 1# - ENTRADA PRINCIPAL--NOMBRE DE PERSONA
Nombre de persona Campillo Pérez, Julio G.,
Fechas asociadas al nombre 1922-
9 (RLIN) 6912
Término indicativo de función/relación autor
245 10 - MENCIÓN DE TÍTULO
Título Benigno Filomeno de Rojas :
Resto del título política y economía /
Mención de responsabilidad, etc. Julio Genaro Campillo Pérez.
264 ## - PRODUCCIÓN, PUBLICACIÓN, DISTRIBUCIÓN, FABRICACIÓN Y COPYRIGHT
Producción, publicación, distribución, fabricación y copyright Santo Domingo :
Nombre del de productor, editor, distribuidor, fabricante Alfa & Omega,
Fecha de producción, publicación, distribución, fabricación o copyright 1993.
300 ## - DESCRIPCIÓN FÍSICA
Extensión 306 páginas ;
Dimensiones 23 cm.
336 ## - TIPO DE CONTENIDO
Fuente rdacontent
Término de tipo de contenido texto
Código de tipo de contenido txt
337 ## - TIPO DE MEDIO
Fuente rdamedia
Nombre/término del tipo de medio sin mediación
Código del tipo de medio nc
338 ## - TIPO DE SOPORTE
Fuente rdacarrier
Nombre/término del tipo de soporte volumen
Código del tipo de soporte n
490 ## - MENCIÓN DE SERIE
Mención de serie Sesquicentenario de la Independencia Nacional ;
Designación de volumen o secuencia 1
500 ## - NOTA GENERAL
Nota general Incluye datos biográficos del autor en las solapas.
500 ## - NOTA GENERAL
Nota general Incluye referencias bibliográficas y notas a pie de las páginas.
505 ## - NOTA DE CONTENIDO CON FORMATO
Nota de contenido con formato Presentación -- Reconocimiento -- Reivindicación de Benigno Filomeno de Rojas -- Proyecciones históricas -- Pesamiento político y económico de Benigno Filomeno de Rojas -- Cronología -- Arbol genealógico -- Diversos juicios sobe Rojas -- Juramentaciones vicepresidenciales -- Gobierno constitucional de Valverde 1858 -- Gobierno restaurador de Pimentel 1865 --Teorías constitucionales -- En el congreso revisor de la constitución 1854, Santo Domingo -- En el soberano congreso constituyente de Moca 1857-1858 -- Debates parlamentarios -- Tribunado 1847-1848 -- Congreso Nacional 1847-1853 -- Senado Consultor 1855 -- Exposiciones, proclamas y decretos -- Mensajería a la nación -- Disposiciones ejecutivas y legislativas -- Canción patriótica -- Varios.
590 ## - NOTA LOCAL (RLIN)
Nota local Inventariado, 2018/ YL
600 14 - PUNTO DE ACCESO ADICIONAL DE MATERIA--NOMBRE DE PERSONA
Nombre de persona Rojas, Benigno Filomeno de,
Fechas asociadas al nombre 1811-1865
Subdivisión general Actividad política
9 (RLIN) 10401
650 #4 - PUNTO DE ACCESO ADICIONAL DE MATERIA--TÉRMINO DE MATERIA
Término de materia o nombre geográfico como elemento de entrada Cuerpos legislativos
Subdivisión geográfica República Dominicana
Subdivisión general Historia
9 (RLIN) 10402
651 #0 - PUNTO DE ACCESO ADICIONAL DE MATERIA--NOMBRE GEOGRÁFICO
Nombre geográfico República Dominicana
Subdivisión general Política y gobierno
9 (RLIN) 45
910 ## - DATOS DE OPCIÓN DEL USUARIO (OCLC)
Datos de opción del usuario Validado. Control de calidad EMS.
942 ## - ELEMENTOS DE PUNTO DE ACCESO ADICIONAL (KOHA)
Fuente del sistema de clasificación o colocación Dewey Decimal Classification
Tipo de ítem Koha Libro
Existencias
Estado de retiro Estado de pérdida Fuente del sistema de clasificación o colocación Restricciones de uso No para préstamo Código de colección Localización permanente Ubicación/localización actual Ubicación en estantería Fecha de adquisición Total de préstamos Signatura topográfica completa Código de barras Fecha visto por última vez Número de copia Precio válido a partir de Tipo de ítem Koha Fuente de adquisición Nota pública
    Dewey Decimal Classification Préstamo en sala   Dominicana de Servicio Biblioteca Nacional Pedro Henríquez Ureña Biblioteca Nacional Pedro Henríquez Ureña Depósito 23.05.2011   BNPHU DS 923.2 R741C 3309-30 25.06.2020 e. 3 25.06.2020 Libro    
    Dewey Decimal Classification Excluido de préstamo   Patrimonio Dominicano Biblioteca Nacional Pedro Henríquez Ureña Biblioteca Nacional Pedro Henríquez Ureña Depósito 07.07.2009   BNPHU PD 923.2 R741C 3309-10 25.06.2020   25.06.2020 Libro    
    Dewey Decimal Classification Excluido de préstamo   Patrimonio Dominicano Biblioteca Nacional Pedro Henríquez Ureña Biblioteca Nacional Pedro Henríquez Ureña Depósito 29.04.2011   BNPHU PD 923.2 R741C 3309-20 25.06.2020 e. 2 25.06.2020 Libro    
    Dewey Decimal Classification Préstamo en sala   Dominicana de Servicio Biblioteca Nacional Pedro Henríquez Ureña Biblioteca Nacional Pedro Henríquez Ureña Depósito 06.02.2023   BNPHU DS 923.2 R741C 3309-40 06.02.2023 e.4 06.02.2023 Libro    
    Dewey Decimal Classification   Préstamo en sala   Biblioteca Nacional Pedro Henríquez Ureña Biblioteca Nacional Pedro Henríquez Ureña Depósito 08.09.2023   BNPHU DS 923.2 R741C 3309-50 08.09.2023 e.5 08.09.2023 Libro Donación Perteneció a la biblioteca personal de Bárbara Suncar.

Con tecnología Koha